Computing essentials/ (Record no. 39442)
[ view plain ]
| 000 -LEADER | |
|---|---|
| fixed length control field | 00714nam a22001937a 4500 |
| 008 - FIXED-LENGTH DATA ELEMENTS--GENERAL INFORMATION | |
| fixed length control field | 111003t xxu||||| |||| 00| 0 eng d |
| 020 ## - INTERNATIONAL STANDARD BOOK NUMBER | |
| International Standard Book Number | 9780071221276 |
| 050 ## - LIBRARY OF CONGRESS CALL NUMBER | |
| Classification number | QA76 |
| Item number | .O45 2011 |
| 100 ## - MAIN ENTRY--PERSONAL NAME | |
| Personal name | O’Leary, Timothy J., 1947- |
| 245 ## - TITLE STATEMENT | |
| Title | Computing essentials/ |
| Statement of responsibility, etc | Timothy J. O’Leary, |
| 250 ## - EDITION STATEMENT | |
| Remainder of edition statement | Intetnational student edition |
| 260 ## - PUBLICATION, DISTRIBUTION, ETC. (IMPRINT) | |
| Place of publication, distribution, etc | New york |
| Name of publisher, distributor, etc | McGraw-Hill, |
| Date of publication, distribution, etc | 2011. |
| 300 ## - PHYSICAL DESCRIPTION | |
| Extent | xxvi,329 p. |
| Other physical details | ill. |
| Dimensions | 28 cm. |
| 500 ## - GENERAL NOTE | |
| General note | includes bibliographical details and index |
| 650 ## - SUBJECT ADDED ENTRY--TOPICAL TERM | |
| Topical term following geographic name as entry element | computing |
| 700 ## - ADDED ENTRY--PERSONAL NAME | |
| Personal name | Linda I. O’Leary. |
| 942 ## - ADDED ENTRY ELEMENTS (KOHA) | |
| Source of classification or shelving scheme | Library of Congress Classification |
| Item type | Book |
| Withdrawn status | Lost status | Source of classification or shelving scheme | Damaged status | Not for loan | Collection code | Home library | Current library | Shelving location | Date acquired | Source of acquisition | Total Checkouts | Full call number | Barcode | Date last borrowed | Copy number | Price effective from | Koha item type |
|---|---|---|---|---|---|---|---|---|---|---|---|---|---|---|---|---|---|
| Library of Congress Classification | Non-fiction | Bishop Okullu Memorial Library (Limuru Campus) | Bishop Okullu Memorial Library (Limuru Campus) | General Circulation | 03/10/2011 | purchase | 9 | QA76 .O44 2011 | 028572 | 19/09/2014 | 1 | 03/10/2011 | Book |